| 000 | 01042cam a2200289 4500 | ||
|---|---|---|---|
| 001 | J1452 | ||
| 008 | 090401t1993 xxu||||| |||| 00| 0 eng d | ||
| 035 | _a(Sirsi) u43512 | ||
| 041 | _aeng | ||
| 050 | _a332.6324 | ||
| 110 | _aFIABCI | ||
| 245 | _aProperty redefined: investing in the 1990s the new market starts here! An evening debate organised by FIABCI and Estates Times... 10 March 1993, RICS. | ||
| 260 |
_aLondon _bFIABCI _c1993 |
||
| 300 | _a5 items in folder ; 30cm | ||
| 350 | _a0 | ||
| 520 | _aPapers:- Property redefined: the new economics/ HIVELY, JAMES - The surveyor in the new market/ ORCHARD-LISLE, PAUL - Property redefined/ WINSKELL, A.D. - Market prospects/ WYATT, ADRIAN. | ||
| 650 | _aINVESTMENT | ||
| 650 | _aPROPERTY INVESTMENT | ||
| 650 | _aPROPERTY MARKET | ||
| 650 | _aPROPERTY REDEFINED | ||
| 650 | _aRECESSION | ||
| 650 | _aSURVEYORS | ||
| 690 | _aPROPERTY-COMMERCIAL PROPERTY-COMMERCIAL PROPERTY FINANCE AND INVESTMENT | ||
| 710 |
_aEstates Times _9307 |
||
| 942 | _n0 | ||
| 948 | _c04/03/1997 | ||
| 999 |
_c91347 _d91347 |
||